Tìm hiểu lịch sử Đảng cộng sản Việt Nam qua các đại hội và hội nghị trung ương (1930-2002)
Giới thiệu về bối cảnh thời gian, địa điểm, con số các đại biểu và những yêu cầu nhiệm vụ của hội nghị thành lập Đảng; Hội nghị ban chấp hành Trung ương Đảng và các kỳ đại hội đại biểu toàn quốc lần thứ I đến lần thứ IX của Đảng Việt Nam...
محفوظ في:
| المؤلف الرئيسي: | |
|---|---|
| مؤلفون آخرون: | , , , |
| التنسيق: | كتاب |
| اللغة: | Vietnamese |
| منشور في: |
H.
Lao động
2003
|
| الموضوعات: | |
| الوسوم: |
إضافة وسم
لا توجد وسوم, كن أول من يضع وسما على هذه التسجيلة!
|
| Thư viện lưu trữ: | Mạng thư viện Đại học Đà Nẵng |
|---|
| LEADER | 01517nam a22003858a 4500 | ||
|---|---|---|---|
| 001 | 000007532 | ||
| 003 | 3694 | ||
| 005 | 20111005101040.0 | ||
| 008 | 111005s2003 b 000 0 od | ||
| 020 | |c 380000đ |d 1000b | ||
| 041 | 0 | |a 0310 | |
| 041 | 0 | |a vie | |
| 080 | |a 3KV1 | ||
| 084 | |a R61(1) |b T310H | ||
| 100 | 1 | |a Nguyễn Trọng Phúc | |
| 245 | 1 | 0 | |a Tìm hiểu lịch sử Đảng cộng sản Việt Nam qua các đại hội và hội nghị trung ương (1930-2002) |c B.s: Nguyễn Trọng Phúc (ch.b), Đinh Chế, Nguyễn Quốc Bảo.. |
| 260 | |a H. |b Lao động |c 2003 | ||
| 300 | |a 1566tr: ảnh |c 21cm | ||
| 500 | |a Thư mục: tr. 1552-1554 | ||
| 520 | |a Giới thiệu về bối cảnh thời gian, địa điểm, con số các đại biểu và những yêu cầu nhiệm vụ của hội nghị thành lập Đảng; Hội nghị ban chấp hành Trung ương Đảng và các kỳ đại hội đại biểu toàn quốc lần thứ I đến lần thứ IX của Đảng Việt Nam | ||
| 653 | |a Lịch sử | ||
| 653 | |a Đảng Cộng sản Việt Nam | ||
| 653 | |a Đại hội | ||
| 700 | 1 | |a Đinh Chế |e Tác giả | |
| 700 | 1 | |a Nguyễn Quốc Bảo |e Tác giả | |
| 700 | 1 | |a Lê Thị Minh Hạnh |e Tác giả | |
| 700 | 1 | |a Trần Đức Lân |e Tác giả | |
| OWN | |a LSP | ||
| 999 | |a From the UDN01 | ||
| TYP | |a Monograph | ||
| TYP | |a Printed language | ||
| 980 | |a Mạng thư viện Đại học Đà Nẵng | ||